Statistics for US States with a Jefferson County On a Map

Click here to take the quiz!

General Stats

  • This quiz has been taken 57 times
  • The average score is 25 of 26

Answers on the Map

Answers color-coded by a green-red scale on the quiz's map according to % correct below.
 

Answer Stats

State% Correct
Idaho
100%
Oregon
100%
Washington
100%
Alabama
98%
Arkansas
98%
Florida
98%
Georgia
98%
Illinois
98%
Iowa
98%
Kentucky
98%
Louisiana
98%
Mississippi
98%
Montana
98%
Nebraska
98%
Oklahoma
98%
Tennessee
98%
Texas
98%
Colorado
96%
Kansas
96%
Missouri
96%
Ohio
96%
Pennsylvania
96%
Indiana
94%
New York
94%
West Virginia
94%
Wisconsin
94%

Score Distribution

Percentile by Number Answered

Percent of People with Each Score

Your Score History

You have not taken this quiz